Palindrome Logic Quiz Stats

 Plays Quiz not verified by Sporcle

Score 0/25 Timer 20:00
0 Plays Today
Hint Answer % Correct
1. The four corners are all the same letter and equal 72

R
100%
5. This is the only palindromic column.


R
98.5%
3. This row is a palindrome.


T
98.2%
21. The vowels in the first column add up to 30.

R
97%
25. The puzzle contains FOUR five-letter palindromes.

R
96.7%
2. The space below this one is two more than a corner.

O
95.2%
4. The center is one less than this space.


O
95.2%
6. The space to the right of this one is one greater than this one.

E
93.5%
8. The sum of the vowels in this row is 1/3 of vowels in the first column.E
92.3%
13. The space below the one to the left of this one is one less than thisN
92%
23. The vowels on the top row are the same as the ones on this row.T
92%
18. The middle letter on the bottom row is one less than this.

E
91.1%
15. The vowels on this row add up to one half this space.

D
90.8%
Hint Answer % Correct
10. The center square on the row above is one greater than the center of this row.A
90.5%
11. The letter in the space to the right of this is one less than this one.F
90.2%
16. The last square on the second row is the same as this one.

E
90.2%
9. The fourth square on this row is one greater than the top center.

M
89.9%
12. Box 6 is 1/3 of box 2.


I
89.9%
20. The space up and to the right is the same letter as this.

A
89.9%
7. The fourth letter in this row is one less than the fourth letter in this column.D
89.6%
22. The letter directly below the center is the same as this one.

E
89.6%
14. The bottom row is a palindrome.


E
88.4%
17. The letter in the square to the right is the same as the one below.L
88.1%
24. The center letter on the second row is a unique vowel in the puzzle and not u or yA
88.1%
19. The second letter on the second row is the same as the bottom center.G
87.2%

You're not logged in!

Compare scores with friends on all Sporcle quizzes.
OR
Log In

Sporcle TV

Today on Sporcle TV


Watch our educational content, quiz creation guides, and fun videos on Sporcle TV.

Show Comments

Extras

Top Quizzes Today


Score Distribution

Your Account Isn't Verified!

In order to create a playlist on Sporcle, you need to verify the email address you used during registration. Go to your Sporcle Settings to finish the process.

Report this User

Report this user for behavior that violates our Community Guidelines.

Details: